| 000 | 00695nam a2200217Ia 4500 | ||
|---|---|---|---|
| 003 | GCL | ||
| 008 | 140319s9999 xx 000 0 ara d | ||
| 040 |
_aGCL / _cGCL |
||
| 082 | 0 | 4 |
_a910.09 _bص ج |
| 100 | 1 | _aصبرى فارس الهيتى | |
| 245 | 1 | 0 |
_aجغرافية المدن / _cصبرى فارس الهيتى |
| 250 | _aالاولى | ||
| 260 |
_aالاردن : _bدار صفاء للنشر والتوزيع ، _c2002 |
||
| 300 |
_a256 ص ؛ _c24 سم |
||
| 650 | 0 | 4 | _aالجغرافيا الطبيعية |
| 650 | 0 | 4 | _aالمدن |
| 650 | 0 | 4 | _aالجغرافيا البشرية |
| 650 | 0 | 4 | _aجغرافية الحضر |
| 650 | 0 | 4 | _aجغرافية المدن |
| 942 |
_2ddc _cBK |
||
| 999 |
_c49773 _d49773 |
||